| 000 | 00850nam a22002657a 4500 | ||
|---|---|---|---|
| 001 | 10071 | ||
| 003 | FISKH | ||
| 005 | 20260403100822.0 | ||
| 008 | 260403b cb ||||| |||| 00| 0 eng d | ||
| 020 | _a9789814230490 | ||
| 040 |
_aFISKH _beng _cFISKH _dFISKH |
||
| 082 | _a428.1 | ||
| 100 | _aAnonymous | ||
| 245 | _aMy world in English / | ||
| 260 |
_aSingapore : _bFuture Ace, _c[ ] |
||
| 300 |
_a96 pages : _billustrations ; _c26 cm |
||
| 490 |
_aMy world in : _vBook one |
||
| 505 | _aaa | ||
| 520 | _aAn English activity book for young learners that develops vocabulary, reading, writing, and basic grammar through simple exercises and familiar everyday topics. | ||
| 521 | 8 |
_a10
_bLexile estimate |
|
| 521 | 8 |
_aaa
_bRaz-Plus |
|
| 650 |
_aEnglish language _vStudy and teaching |
||
| 942 |
_2ddc _cBK _n0 |
||
| 999 |
_c10071 _d10071 |
||